000
00326nam a2200133Ia 4500
008
240624s9999 xx 000 0 und d
041
_a
eng
082
_a
332.04 GRA
100
_a
GRAVAGNA NICOLE
245
_a
VENTURE CAPITAL FOR DUMMIES
260
_c
2013
_a
New Delhi
_b
Wiley
300
_a
xiv, 342 p.; 23 cm.
365
_c
RS
999
_c
31868
_d
31868